|
|
|
|
| LEADER |
01294nam a2200301 a 4500 |
| 001 |
16098027 |
| 008 |
120522s2011 caua b 001 0 eng d |
| 010 |
|
|
|a 2010007162
|
| 020 |
|
|
|a 9781412980128 (pbk. : acid-free paper)
|
| 020 |
|
|
|a 1412980127 (pbk. : acid-free paper)
|
| 040 |
|
|
|a DLC
|c DLC
|d BTCTA
|d YDXCP
|d C#P
|d BWX
|d CDX
|d LML
|d DLC
|c BD-DhAAL
|
| 082 |
0 |
0 |
|a 306.0973
|2 22
|
| 100 |
1 |
|
|a Ritzer, George.
|
| 245 |
1 |
4 |
|a The McDonaldization of society 6 /
|c George Ritzer.
|
| 246 |
3 |
|
|a McDonaldization of society six
|
| 250 |
|
|
|a [6th ed.]
|
| 260 |
|
|
|a Los Angeles :
|b Pine Forge ;
|a London :
|b Sage,
|c c2011.
|
| 300 |
|
|
|a xv, 307 p. :
|b ill. ;
|c 23 cm.
|
| 504 |
|
|
|a Includes bibliographical references (p. 283-288) and index.
|
| 541 |
1 |
|
|e 00025251
|
| 650 |
|
0 |
|a Social structure
|z United States.
|
| 650 |
|
0 |
|a Management
|x Social aspects
|z United States.
|
| 650 |
|
0 |
|a Fast food restaurants
|x Social aspects
|z United States.
|
| 650 |
|
0 |
|a Rationalization (Psychology)
|
| 651 |
|
0 |
|a United States
|x Social conditions
|y 1980-
|
| 852 |
1 |
|
|a Ayesha Abed Library
|j General shelf
|
| 999 |
|
|
|c 12197
|d 12197
|
| 952 |
|
|
|0 0
|1 0
|4 0
|6 306_097300000000000_RIT
|7 0
|9 20240
|a BRACUL
|b BRACUL
|c GEN
|d 2012-05-22
|e Karim International
|g 3270.00
|l 3
|m 9
|o 306.0973 RIT
|p 3010025251
|q 2026-05-20
|r 2026-05-07
|s 2026-05-07
|t 1
|w 2012-05-22
|y BK
|